كتاب وقف القاضي عثمان بن سعد بن المنجا الحنبلي / Kitāb Waqf al-Qādī ʻUṯmān ibn Asʻad ibn al-Munaǧǧā al-Hanbalī

محفوظ في:

المؤلف الرئيسي: Salah al-Dīn al-Munaǧǧid.

التنسيق: كتاب

اللغة: Undetermined

منشور في: Dimašq al-Maʼhad al-faransī bi-Dimašq 1949

سلاسل: Institut français de Damas, 40

الوسوم: إضافة وسم

لا توجد وسوم, كن أول من يضع وسما على هذه التسجيلة!

رقم الطلب: A50 IFD40

LEADER 00545nam a2200133Ia 4500
008 240404s9999||||xx |||||||||||||| ||und||
050 4 |a A50 IFD40 
100 1 |a Salah al-Dīn al-Munaǧǧid. 
245 1 0 |a كتاب وقف القاضي عثمان بن سعد بن المنجا الحنبلي / Kitāb Waqf al-Qādī ʻUṯmān ibn Asʻad ibn al-Munaǧǧā al-Hanbalī  |c Salah al-Dīn al-Munaǧǧid 
264 1 |a Dimašq  |b al-Maʼhad al-faransī bi-Dimašq  |c 1949 
300 |a 46  |c 25 
490 0 |a Institut français de Damas, 40 
942 |2 lcc  |c BK 
999 |c 58175  |d 58175